Introduction to probability and statistics / (Record no. 215395)

000 -LEADER
fixed length control field 01570 a2200265 4500
003 - CONTROL NUMBER IDENTIFIER
control field Nust
005 - DATE AND TIME OF LATEST TRANSACTION
control field 20250301104135.0
010 ## - LIBRARY OF CONGRESS CONTROL NUMBER
LC control number 2004115697
020 ## - INTERNATIONAL STANDARD BOOK NUMBER
International Standard Book Number 0534418708
040 ## - CATALOGING SOURCE
Transcribing agency Nust
082 00 - DEWEY DECIMAL CLASSIFICATION NUMBER
Classification number 519.5,BEA
100 1# - MAIN ENTRY--PERSONAL NAME
Personal name Mendenhall, William.
9 (RLIN) 10401
245 10 - TITLE STATEMENT
Title Introduction to probability and statistics /
Statement of responsibility, etc. William Mendenhall, Robert J. Beaver.
250 ## - EDITION STATEMENT
Edition statement 12th ed. /
Remainder of edition statement Barbara M. Beaver.
260 ## - PUBLICATION, DISTRIBUTION, ETC.
Place of publication, distribution, etc. Belmont, CA :
Name of publisher, distributor, etc. Thomson/Brooks/Cole,
Date of publication, distribution, etc. c2006
300 ## - PHYSICAL DESCRIPTION
Extent xxiii,743, p. :
Other physical details ill. ;
Dimensions 27 cm. +
Accompanying material 1 CD-ROM (4 3/4 in.)
505 ## - FORMATTED CONTENTS NOTE
Formatted contents note Describing Data with Graphs (Page-7), Describing Data with Numerical Measures (Page-52), Describing Bivariate Data (Page-97), Probability and Probability Distributions (Page-127), Several Useful Discrete Distributions (Page-183),The Normal Probability Distribution (Page-219), Sampling Distributions (Page-254), Large-Sample Estimation (Page-297), Large-Sampling Tests of Hypotheses (Page-343), Inference from Small Samples (Page-386),The Analysis of Variance (Page-447), Linear Regression and Correlation (Page-502), Multiple Regression Analysis (Page-551), Analysis of Categorical Data (Page-594), Nonparametric Statistics (Page-629).
650 #0 - SUBJECT ADDED ENTRY--TOPICAL TERM
Topical term or geographic name entry element Mathematical statistics
9 (RLIN) 61
650 #0 - SUBJECT ADDED ENTRY--TOPICAL TERM
Topical term or geographic name entry element Probabilities
700 1# - ADDED ENTRY--PERSONAL NAME
Personal name Beaver, Barbara M.
9 (RLIN) 10403
700 1# - ADDED ENTRY--PERSONAL NAME
Personal name Beaver, Robert J.
9 (RLIN) 10402
856 42 - ELECTRONIC LOCATION AND ACCESS
Materials specified Publisher description
Uniform Resource Identifier <a href="http://www.loc.gov/catdir/enhancements/fy1103/2004115697-d.html">http://www.loc.gov/catdir/enhancements/fy1103/2004115697-d.html</a>
856 42 - ELECTRONIC LOCATION AND ACCESS
Materials specified Table of contents only
Uniform Resource Identifier <a href="http://www.loc.gov/catdir/enhancements/fy1215/2004115697-t.html">http://www.loc.gov/catdir/enhancements/fy1215/2004115697-t.html</a>
942 ## - ADDED ENTRY ELEMENTS (KOHA)
Koha item type Reference
Source of classification or shelving scheme
Holdings
Withdrawn status Lost status Source of classification or shelving scheme Damaged status Not for loan Permanent Location Current Location Shelving location Date acquired Total Checkouts Full call number Barcode Date last seen Date last checked out Price effective from Koha item type Public note
          Military College of Signals (MCS) Military College of Signals (MCS) General Stacks 12/12/2016 1 519.5,BEA MCS37193 07/31/2023 02/09/2023 12/12/2016 Book Almirah No.14, Shelf No.5
© 2023 Central Library, National University of Sciences and Technology. All Rights Reserved.